ბათუმის შოთა რუსთაველის სახელმწიფო უნივერსიტეტის ბიბლიოთეკა

პიანისტი ქალი (ბიბ.ჩანაწერი № 49278)

000 -LEADER
fixed length control field 00916nam a2200241Ia 4500
001 - CONTROL NUMBER
control field 16194
003 - CONTROL NUMBER IDENTIFIER
control field GE_BSU
008 - FIXED-LENGTH DATA ELEMENTS--GENERAL INFORMATION
fixed length control field 181216s||||||||xx |||||||||||||| ||und||
020 ## - INTERNATIONAL STANDARD BOOK NUMBER
International Standard Book Number ISBN 978-9941-430-63-3
040 ## - CATALOGING SOURCE
Transcribing agency GE_BSU
080 ## - UNIVERSAL DECIMAL CLASSIFICATION NUMBER
Universal Decimal Classification number 821.112.2-31 + 821.112.2.03=353.1
100 ## - MAIN ENTRY--PERSONAL NAME
Personal name იელინეკი, ელფრიდე
245 ## - TITLE STATEMENT
Title პიანისტი ქალი
245 ## - TITLE STATEMENT
Remainder of title რომანი
245 ## - TITLE STATEMENT
Statement of responsibility, etc. გერმ. თარგმნა ლაშა დადიანმა;მხატვ:ი.ხელაია
250 ## - EDITION STATEMENT
Edition statement (ნობელის პრემიის ლაურეატები)საგამომც. პროექტის ავტ. კახმეგ კუდავა
260 ## - PUBLICATION, DISTRIBUTION, ETC.
Place of publication, distribution, etc. თბილისი
260 ## - PUBLICATION, DISTRIBUTION, ETC.
Name of publisher, distributor, etc. ინტელქტი
260 ## - PUBLICATION, DISTRIBUTION, ETC.
Date of publication, distribution, etc. 2011
300 ## - PHYSICAL DESCRIPTION
Extent 288გვ. ; 20სმ.
942 ## - ADDED ENTRY ELEMENTS (KOHA)
Koha item type წიგნი
ეგზემპლარები
Withdrawn status Lost status Damaged status Not for loan Date acquired Barcode Date last seen Price effective from Koha item type
        2018-12-17 40036 2018-12-17 2018-12-17 წიგნი